The Archaeology of Europe’s Drowned Landscapes (Record no. 35063)
[ view plain ]
| 000 -LEADER | |
|---|---|
| fixed length control field | 00760nam a2200121Ia 4500 |
| 008 - FIXED-LENGTH DATA ELEMENTS--GENERAL INFORMATION | |
| fixed length control field | 220620s9999||||xx |||||||||||||| ||und|| |
| 245 #4 - TITLE STATEMENT | |
| Title | The Archaeology of Europe’s Drowned Landscapes |
| 546 ## - LANGUAGE NOTE | |
| Language note | English[eng] |
| 650 ## - SUBJECT ADDED ENTRY--TOPICAL TERM | |
| Topical term or geographic name entry element | Archaeology||Coastal Sciences||Science, Humanities and Social Sciences, multidisciplinary||Continental Shelf Prehistoric Research||Open Access||Pleistocene underwater||Quaternary Science on European Shelf||Sea-Level archaeology||Underwater prehistoric finds||Underwater cultural heritage||Coastlines||Interdisciplinary studies |
| 700 ## - ADDED ENTRY--PERSONAL NAME | |
| Personal name | Bailey, Geoff||Galanidou, Nena||Peeters, Hans||Jöns, Hauke||Mennenga, Moritz |
| 856 ## - ELECTRONIC LOCATION AND ACCESS | |
| Uniform Resource Identifier | <a href="https://library.oapen.org/bitstream/20.500.12657/37364/1/978-3-030-37367-2.pdf">https://library.oapen.org/bitstream/20.500.12657/37364/1/978-3-030-37367-2.pdf</a> |
| 942 ## - ADDED ENTRY ELEMENTS (KOHA) | |
| Koha item type | E-Books |
| Withdrawn status | Lost status | Damaged status | Not for loan | Home library | Current library | Date acquired | Total Checkouts | Date last seen | Price effective from | Koha item type |
|---|---|---|---|---|---|---|---|---|---|---|
| Kerala University of Digital Sciences, Innovation and Technology Knowledge Centre | Kerala University of Digital Sciences, Innovation and Technology Knowledge Centre | 20/06/2022 | 20/06/2022 | 20/06/2022 | E-Books |